[Event "I Internacional Femenino Chamartín-FMA "]
[Site "Madrid ESP"]
[Date "2014.03.16"]
[Round "9.2"]
[White "Arbunic Castro, Giovanna B"]
[Black "Rudolf, Anna"]
[Result "0-1"]
[WhiteElo "2054"]
[BlackElo "2297"]
[PlyCount "60"]
[EventDate "2014.03.12"]
[EventType "tourn"]
[EventRounds "10"]
[EventCountry "ESP"]
[Source "lmi"]
[SourceDate "2014.03.12"]

1. e4 g6 2. d4 Bg7 3. Nf3 d6 4. c4 Nd7 5. Nc3 c5 6. Be3 Ngf6 7. h3 cxd4 8. Nxd4
b6 9. Qc2 Bb7 10. g4 Rc8 11. b3 a6 12. g5 Nh5 13. a4 Nf4 14. O-O-O Ne6 15. Nxe6
fxe6 16. h4 b5 17. axb5 axb5 18. Nxb5 Qa5 19. Bd4 Bxd4 20. Rxd4 Qa1+ 21. Kd2 e5
22. Rxd6 exd6 23. Nxd6+ Ke7 24. Nxc8+ Rxc8 25. Bg2 Qd4+ 26. Ke2 Rf8 27. f3 Nc5
28. Rf1 Ne6 29. Rf2 Ra8 30. Qd2 Nf4+ 0-1

[Event "I Internacional Femenino Chamartín-FMA "]
[Site "Madrid ESP"]
[Date "2014.03.16"]
[Round "9.3"]
[White "Huerga Leache, Mikel"]
[Black "Rodrigo Yanguas, Maria"]
[Result "1-0"]
[WhiteElo "2441"]
[BlackElo "2165"]
[PlyCount "91"]
[EventDate "2014.03.12"]
[EventType "tourn"]
[EventRounds "10"]
[EventCountry "ESP"]
[Source "lmi"]
[SourceDate "2014.03.12"]

1. e4 e6 2. d4 d5 3. Nc3 Nf6 4. Bg5 Bb4 5. exd5 Qxd5 6. Bxf6 gxf6 7. Nge2 Qa5
8. Qd2 b6 9. Qf4 Nd7 10. O-O-O Ba6 11. Qf3 O-O-O 12. a3 Qg5+ 13. Kb1 Bb7 14.
Qg3 Bd6 15. Qxg5 fxg5 16. Nb5 Kb8 17. h4 h6 18. Nxd6 cxd6 19. Nc3 Nf6 20. Rd2
Rdg8 21. Kc1 g4 22. Rg1 Ne4 23. Nxe4 Bxe4 24. Bd3 f5 25. Bxe4 fxe4 26. d5 exd5
27. Rxd5 Rf8 28. Rd2 Rf6 29. Re1 Re8 30. Ree2 Re5 31. c4 Kc7 32. Rd4 h5 33. Kd2
a5 34. Rd5 Rxf2 35. Rxe5 Rxe2+ 36. Kxe2 dxe5 37. b4 a4 38. Ke3 Kd6 39. Kxe4 Ke6
40. g3 Kf6 41. Kd5 Kf5 42. c5 bxc5 43. bxc5 Kf6 44. c6 Ke7 45. Kxe5 Ke8 46. Ke6
1-0

[Event "I Internacional Femenino Chamartín-FMA "]
[Site "Madrid ESP"]
[Date "2014.03.16"]
[Round "10.1"]
[White "Haussernot, Cecile"]
[Black "Huerga Leache, Mikel"]
[Result "0-1"]
[WhiteElo "2032"]
[BlackElo "2441"]
[PlyCount "70"]
[EventDate "2014.03.12"]
[EventType "tourn"]
[EventRounds "10"]
[EventCountry "ESP"]
[Source "lmi"]
[SourceDate "2014.03.12"]

1. d4 Nf6 2. Nc3 d5 3. Bg5 Nbd7 4. Qd3 c6 5. Nf3 Qa5 6. Bd2 b6 7. e3 Nb8 8. b4
Qa6 9. b5 Qb7 10. e4 dxe4 11. Nxe4 cxb5 12. Nxf6+ gxf6 13. Qxb5+ Bd7 14. Qb3
Rg8 15. O-O-O Be6 16. Bb5+ Nd7 17. Qa4 Bd5 18. c4 Rc8 19. Kb2 Bc6 20. Qa6 Qc7
21. Qa4 Rxg2 22. Qb3 Rxf2 23. Rhf1 Rxf1 24. Rxf1 Bxb5 25. cxb5 Qc4 26. Rg1 f5
27. a4 Qxb3+ 28. Kxb3 f6 29. d5 Nc5+ 30. Ka3 Rd8 31. Kb4 Rxd5 32. Kc4 Rd3 33.
Rf1 Ra3 34. a5 Ra4+ 35. Kd5 Kd7 0-1

[Event "I Internacional Femenino Chamartín-FMA "]
[Site "Madrid ESP"]
[Date "2014.03.16"]
[Round "10.2"]
[White "Rodrigo Yanguas, Maria"]
[Black "Arbunic Castro, Giovanna B"]
[Result "1/2-1/2"]
[WhiteElo "2165"]
[BlackElo "2054"]
[PlyCount "29"]
[EventDate "2014.03.12"]
[EventType "tourn"]
[EventRounds "10"]
[EventCountry "ESP"]
[Source "lmi"]
[SourceDate "2014.03.12"]

1. d4 g6 2. e4 Bg7 3. Be3 c5 4. c3 cxd4 5. cxd4 d5 6. e5 Bf5 7. Bd3 Bxd3 8.
Qxd3 e6 9. Nf3 Ne7 10. O-O O-O 11. Nc3 Nbc6 12. a3 Nf5 13. b4 Nxe3 14. Qxe3 Rc8
15. Rac1 1/2-1/2

[Event "I Internacional Femenino Chamartín-FMA "]
[Site "Madrid ESP"]
[Date "2014.03.16"]
[Round "10.3"]
[White "Rudolf, Anna"]
[Black "Cucarella Montell, Angels"]
[Result "1-0"]
[WhiteElo "2297"]
[BlackElo "1964"]
[PlyCount "47"]
[EventDate "2014.03.12"]
[EventType "tourn"]
[EventRounds "10"]
[EventCountry "ESP"]
[Source "lmi"]
[SourceDate "2014.03.12"]

1. e4 c5 2. Nf3 e6 3. d4 cxd4 4. Nxd4 Nc6 5. Nc3 Qc7 6. f4 a6 7. Nxc6 bxc6 8.
Bd3 c5 9. Qe2 Bb7 10. O-O d6 11. f5 e5 12. Bc4 h6 13. Bd2 Nf6 14. Rf3 Nd7 15.
Nd5 Bxd5 16. Bxd5 Rb8 17. Qxa6 Qb6 18. Qc4 Qxb2 19. Bxf7+ Kd8 20. Ba5+ Kc8 21.
Qa6+ Qb7 22. Bc4 Ra8 23. Qxb7+ Kxb7 24. Bd5+ 1-0